01320pam a2200289 a 4500001000500000005001700005020001800022040002300040050001400063082001100077100001900088245009500107250004700202260003300249300003800282490002600320500003900346500003500385505000800420520045200428521002000880521002000900650002700920650002700947650002200974700003400996240120250307150951.0 a9780439136839 aDLCcDLCdDLCbeng00aPZ7.P219700a813.541 aPark, Barbara.10aJunie B. Jones and the stupid smelly bus cby Barbara Park ; illustrated by Denise Brunkus aFirst Scholastic printing , September 1998 aNew York :bScholasticc1992 a69 pages billustrations c20 cm 1 aJunie B.JonesvBook 1 aSeries title and number from v. 5. a"A First stepping stone book." aL  a"Hilarious. Barbara Park makes reading fun." --Dav Pilkey, author of Dog Man Barbara Park's #1 New York Times bestselling chapter book series, Junie B. Jones, has been keeping kids laughing--and reading--for more than twenty-five years. Over 65 million copies sold! Meet the World's Funniest Kindergartner--Junie B. Jones! Remember when it was scary to go to school? In the first Junie B. Jones book, it's Junie B.'s first day and she doesn't know a520 bLexile  aL bRaz-Plus  1aKindergartenxFiction. 1aSchool busesxFiction. 1aSchoolsxFiction.1 aBrunkus, Deniseeillustrator